Die meistverkauften Zigarettenmarken im Jahr 2024 - Statistiken

Allgemein
  • Dieses Quiz wurde 128 mal gespielt
  • Das Durchschnittsergebnis liegt bei 5 aus 20
Antwortstatistiken
Hint Antwort % Korrekt
23,6% Marlboro
92%
6,4% Lucky Strike
67%
2,2% Camel
66%
10,1% Pall Mall
49%
11% L&M
47%
3,4% West
35%
1,6% Winston
29%
1,4% Chesterfield
26%
1% HB
25%
9% JPS
21%
0,6% American Spirit
18%
1,2% Davidoff
10%
0,6% Benson & Hedges
8%
1,3% Tawa
7%
1,6% R1
6%
0,8% Vogue
6%
0,7% f6
4%
0,6% Elixyr
1%
5,2% Gauloises Blondes
1%
0,6% Peter Stuyvesant
1%
Keine übereinstimmenden Quizze gefunden
Verteilung der Resultate
Anzahl Personen mit jedem Resultat
Perzentil nach korrekt beantworteten Fragen
Ihre Resultats-Entwicklung
Sie haben dieses Quiz noch nicht gespielt